000
00235nam a2200085Ia 4500
008
120527s9999 xx 000 0 und d
100
_a
AJAYI, E.A
245
_a
Strategies for farming systems development in sub-saharan Africa
942
_c
BK
999
_c
25227
_d
25227